| 000 | 00573nam a2200193Ia 4500 | ||
|---|---|---|---|
| 003 | GCL | ||
| 008 | 140319s9999 xx 000 0 eng d | ||
| 020 | _a1857152409 | ||
| 040 |
_aGCL / _cGCL |
||
| 082 | 0 | 4 |
_a255 _bD N |
| 100 | 1 | _aDRURY, JOHN | |
| 245 | 1 | 0 |
_aTHE NEW TESTAMENT : _bTHE AUTHORIZED OR KING JAMES VERSION OF1611 / _cDRURY, JOHN |
| 260 |
_aانجلترا : _bEVERYMAN'S LIBRARY ، _c1998 |
||
| 300 |
_a21 CM ؛ _cIXXXIV, 421 P |
||
| 490 |
_aTHE MILLENNIUM LIBRARY _v240 |
||
| 650 | 0 | 4 | _aBIBLE ENGLISH - NEW INTERNATIONAL |
| 650 | 0 | 4 | _aBIBLE |
| 942 |
_2ddc _cBK |
||
| 999 |
_c5609 _d5609 |
||